| 000 | 00461nam a2200169 a 4500 | ||
|---|---|---|---|
| 003 | MO | ||
| 005 | 20170411182932.0 | ||
| 008 | 110408s19uu xx 00 eng d | ||
| 050 |
_aTR(GS 371.3 _bA351 1987 |
||
| 100 | _aAmerikaner, Susan | ||
| 245 |
_aLanguage arts bk.1 : _bto develop your child's gifts and talents. |
||
| 260 |
_aUSA : _bPlaymore, _c1987. |
||
| 300 | _a48p. | ||
| 440 | _aGifted and talented workbooks | ||
| 942 |
_2ddc _cBK |
||
| 999 |
_c103084 _d103084 |
||